Quizzes
Events
Quiz Creation
Community
Videos
Private Events
Remove Ads
Sign In
Join for FREE
Feedback
Dark Mode
Quiz Categories
Sports
Geography
Music
Movies
Television
Just For Fun
Miscellaneous
History
Literature
Language
Science
Gaming
Entertainment
Religion
Holiday
For Kids
Quiz Lab
Recent
Popular Today
Quiz Kudos Today
Editor Picks
Curator Picks
Quizzes by...
Day
Popularity
Type
Ratings
Length
Year
Community
Subscriptions
Recent Discussions
Orange Saloon
Badges
Playlists
Quests
Create
Leaderboards
Showdown
Live 5
Trivia Bingo
Activity
Puzzle Library
Sporcle Events
Private Events
Virtual Trivia
Globe League
Become a Host
Pub Owners
SporcleCon
Opinionation
Our Games
Videos
Blog
Mobile Apps
Partnerships
Remove Ads and Go Orange
Feedback
Television
TV Characters
TV Show
Sitcom
Network
Friends
Reality Shows
Cast
South Park
Star Trek
The Simpsons
Doctor Who
Television
TV Characters
TV Show
Sitcom
Network
Friends
Reality Shows
Cast
South Park
Star Trek
The Simpsons
Doctor Who
Random Quiz
Search Sporcle
×
Curator Pick
Curator Pick
Television
Letter
Type in answers that appear in a list
Type in answers that appear in a list
Classic
Best Score? Go Orange.
Missing WORD: TV Shows Stats
Can you name the TV shows missing the letters W-O-R-D?
By
mk31
3m
20 Questions
126 Plays
126 Plays
126 Plays
Comments
Comments
Give Quiz Kudos
Give Quiz Kudos
-
- Ratings
hide this ad
More Info
Random Order
Randomize order of answers
Randomize order of answers
Replay
Link that replays current quiz
Next Quiz
Link to next quiz in quiz playlist
You Got
0%
They Got
Avg Score
79%
Avg Friend Score
Upgrade to see
Score Distribution
Jump to the score distribution portion of the page
Score
0/20
Timer
03:00
0
Plays Today
TV Show Missing W-O-R-D
TV Show
% Correct
Beaking Ba
Breaking Bad
97.6%
H I Met Yu Mthe
How I Met Your Mother
96.8%
The Csby Sh
The Cosby Show
95.2%
Paks an eceatin
Parks and Recreation
93.6%
The alking ea
The Walking Dead
92.8%
Fiens
Friends
92%
Aeste evelpment
Arrested Development
89.6%
Baalk Empie
Boardwalk Empire
87.2%
Huse f Cas
House of Cards
85.6%
ntn Abbey
Downton Abbey
82.4%
TV Show Missing W-O-R-D
TV Show
% Correct
exte
Dexter
81.6%
Hmelan
Homeland
80.8%
The est ing
The West Wing
77.6%
Fasie
Frasier
77.6%
Ne Gil
New Girl
73.6%
The Spans
The Sopranos
72.8%
Falty Tes
Fawlty Towers
69.6%
La An e
Law And Order
53.6%
ees
Weeds
45.6%
The Nesm
The Newsroom
42.4%
Quiz Playlist
Details
Report
Send in Message
Add To Playlist
More Info:
Example: Modern Family = men Family.
Classic:
Type in answers that appear in a list
Random Order:
Randomize order of answers
Last Updated: Feb 16, 2017
Curator Pick in
Missing Word
Quiz Scoreboard
CHALLENGE
Sign Up to Join the Scoreboard
Show All
Scores
Hide
Comments
May contain spoilers
Recently Published
College Basketball Coaching Resumes
by pancakes188
Sports
9m
Billboard Blitz: Fleetwood Mac
by CooCooCachoo
Music
15s
Presidents Visiting Landmarks
by Hejman
History
7m
More to Explore
Quiz From the Vault
Featured Blog Post
Where Did the Easter Bunny Come From?
hide this ad
You Might Also Like...
Tags
Letter Quiz
Missing Word Quiz
Show Quiz
TV Show Quiz
Today's Top Quizzes in Television
Browse Television
hide this ad
Today's Top Quizzes in Letter
Browse Letter
Top Contributed Quizzes in Television
1
5-to-1: The Simpsons Families
2
5-to-1: Television Doctors
3
7-to-1: TV Show Settings
4
5-to-1: Streaming Originals
5
One Piece Logic Puzzle
6
Survivor Seasons
7
Survivor Logic Puzzle: Heroes vs. Villains
8
All US Survivor Seasons in Order
9
TV Shows by First Names
10
Survivor Season by Logo
Explore More
Trending Topics
NBA
Kpop
Harry Potter
Anime
Crossword
Marvel
Disney
Soccer
Pokémon
The Office
Song
Country
Puzzle
NFL
WWE
hide this ad
More By:
mk31
Quiz
Plays
Rating
Category
Featured
Created
Big Bang Theory Name Match-Up
132,388
4.15
Television
Nov 30, 2013
Criteria Characters: The Walking Dead
131,285
2.48
Television
Dec 7, 2013
College Football Playoff Teams Minefield
122,488
4.25
Sports
Dec 14, 2019
Artist/Song Match (2000s)
121,805
4.07
Music
Oct 10, 2013
Alliterative Countries and Continents Map
119,271
4.24
Geography
Mar 12, 2014
Go to Creator's Profile
Score Distribution
Quiz Creator Spotlight
mk31
Follow
Send a Message
Quizzes Created
-
Created Quiz Play Count
-
More By This Creator
Popular Quizzes Today
1
Find the US States - No Outlines Minefield
2
Find the Countries of Europe - No Outlines Minefield
3
The Countries of the World
4
Find the US States
5
Risky Map Clicking: Biggest States A-Z
6
US States
7
Popular People in 1961
8
Movies - When Are They Set?
More Television Quizzes
Speed TV: Trios 1
Quiz Lab
Trending Quizzes
Risky Map Clicking: Least Populous States A-Z
1-10 Letter G Words
1-10 Letter F Words
Risky Map Clicking: Next State Alphabetically
Click the Washington State Counties! (Map)
Recently Updated
Leaping Animals
pecheneg
Reality TV Shows (A-Z)
bhenderson79
Rickey Henderson's Hall of Fame Teammates
pecheneg
Champions League XIs: Arsenal
pecheneg
Quick Pick: Celebrities in WWE's Hall of Fame
aduchscher
A-Z Keypad Blitz II
pecheneg
Multiple Oscar Actors
pecheneg
Mystery Phrase Blitz: Oscar 'Best Actors'
pecheneg
F. Scott Fitzgerald Novels
LTH
Pick 3 Villains
ddd62291
Trending Topics
NBA
Kpop
Disney
Harry Potter
Marvel
Anime
Crossword
The Office
Song
Pokémon
NFL
Puzzle
Soccer
WWE
Country
Your Account Isn't Verified!
In order to create a playlist on Sporcle, you need to verify the email address you used during registration. Go to your
Sporcle Settings
to finish the process.
Report this User
Report this user for behavior that violates our
Community Guidelines
.
Details:
Send Report
Go to the Sporcle.com Mobile Site →
Comments